Statistics for World Capitals by Proximity - One Minute Sprint

Click here to take the quiz!

General Stats

  • This quiz has been taken 336 times
  • The average score is 107 of 196

Answer Stats

Capital % Correct
Bern
99%
Vaduz
99%
Berlin
99%
Amsterdam
99%
Luxembourg
99%
San Marino
98%
Ljubljana
97%
Brussels
97%
Prague
97%
Copenhagen
97%
Bratislava
95%
Budapest
95%
Paris
94%
Zagreb
94%
Vienna
94%
Monaco
94%
London
93%
Sofia
92%
Skopje
92%
Belgrade
92%
Sarajevo
92%
Pristina
90%
Riga
90%
Vilnius
90%
Podgorica
90%
Andorra la Vella
90%
Minsk
90%
Tirana
89%
Warsaw
87%
Bucharest
86%
Vatican City
85%
Rome
85%
Nicosia
82%
Algiers
82%
Dublin
80%
Stockholm
80%
Jerusalem
79%
Damascus
79%
Beirut
79%
Amman
79%
Chisinau
78%
Valletta
78%
Helsinki
76%
Tallinn
76%
Freetown
75%
Gaborone
75%
Conakry
75%
San Jose
74%
Mbabane
74%
Oslo
74%
Pretoria
74%
Maputo
74%
Managua
74%
Kiev
74%
Baghdad
74%
Athens
73%
Ankara
73%
Bissau
73%
Harare
73%
Maseru
71%
Belmopan
71%
Caracas
70%
Roseau
70%
Saint John's
70%
Basseterre
70%
Madrid
69%
Kuwait City
69%
Kingston
69%
Kingstown
67%
Bridgetown
67%
Port-of-Spain
67%
Tunis
67%
Rabat
67%
Castries
67%
Saint George's
67%
Lisbon
66%
Moscow
66%
Yamoussoukro
66%
Banjul
66%
Yerevan
66%
Islamabad
66%
Abuja
65%
Accra
64%
Lome
64%
Dakar
64%
Sao Tome
64%
Nassau
64%
Porto-Novo
64%
Seoul
63%
Pyongyang
63%
Manama
63%
Beijing
63%
Tegucigalpa
62%
Kathmandu
62%
Guatemala City
62%
Havana
62%
San Salvador
62%
Riyadh
61%
Niamey
60%
Panama City
59%
Santo Domingo
59%
Ottawa
59%
Washington
59%
Cairo
58%
Doha
57%
Abu Dhabi
57%
Yaounde
55%
New Delhi
55%
Tehran
55%
Juba
55%
Bamako
55%
Tbilisi
53%
Baku
53%
Libreville
53%
Nouakchott
52%
Malabo
51%
Kigali
50%
Monrovia
50%
Montevideo
50%
Bujumbura
50%
Kampala
50%
Buenos Aires
50%
Nairobi
50%
Port-au-Prince
48%
Bogota
48%
Dodoma
48%
Georgetown
48%
Ouagadougou
48%
Ashgabat
47%
Praia
46%
Brasilia
44%
Tashkent
41%
Naypyidaw
41%
Dushanbe
41%
Mexico City
41%
Brazzaville
41%
Kinshasa
41%
Singapore
41%
N'Djamena
40%
Tokyo
39%
Addis Ababa
38%
Asmara
38%
Jakarta
37%
Bangkok
37%
Vientiane
37%
Phnom Penh
36%
Hanoi
36%
Kabul
35%
Sana'a
34%
Luanda
34%
Djibouti
34%
Muscat
32%
Khartoum
30%
Santiago
27%
Kuala Lumpur
27%
Bishkek
27%
Lima
25%
Canberra
25%
Quito
24%
Paramaribo
24%
Reykjavik
22%
Manila
22%
Thimphu
22%
Dhaka
22%
Tripoli
20%
Lilongwe
18%
Sucre
17%
Nuku'alofa
17%
Astana
15%
Lusaka
15%
Suva
15%
Bangui
13%
Antananarivo
11%
Moroni
11%
Male
10%
Sri Jayawardenepura Kotte
10%
Mogadishu
10%
Asuncion
10%
Apia
9%
Taipei
9%
Wellington
8%
Windhoek
8%
Ulaanbaatar
8%
Dili
7%
Yaren
6%
Majuro
6%
Port-Vila
6%
Port Moresby
6%
Tarawa
6%
Honiara
5%
Funafuti
5%
Victoria
4%
Palikir
4%
Port Louis
3%
Melekeok
2%
Bandar Seri Begawan
2%

Score Distribution

Percentile by Number Answered

Percent of People with Each Score

Your Score History

You have not taken this quiz